[Event "Krajsky prebor jednotlivcu KHSS - Open"]
[Site "?"]
[Date "2015.05.06"]
[Round "3.8"]
[White "Kovar, Ladislav"]
[Black "Drasnar, Pavel"]
[Result "1-0"]
[WhiteElo "1833"]
[BlackElo "1658"]
[PlyCount "71"]
[EventDate "2015.05.05"]

1. d4 d5 2. c4 c6 3. Nf3 Nf6 4. e3 Bf5 5. Ne5 Nbd7 6. Nxd7 Qxd7 7. Nc3 e6 8. a3
Bd6 9. c5 Be7 10. b4 Ne4 11. Bb2 Nxc3 12. Bxc3 O-O 13. g4 Be4 14. f3 Bh4+ 15.
Ke2 Bg6 16. Be1 Be7 17. h4 f5 18. h5 Be8 19. Bh3 Qc7 20. f4 b6 21. Qc2 Bd7 22.
Bc3 Bc8 23. Rag1 Qb7 24. Bb2 Qa6+ 25. Kf3 Bd7 26. Bf1 Qc8 27. Bd3 fxg4+ 28. Ke2
h6 29. Kd1 Qd8 30. Qg2 a5 31. Qxg4 Bf6 32. Qg6 axb4 33. Qxh6 Be8 34. Qh7+ Kf7
35. h6 Ke7 36. hxg7 1-0

[Event "Krajsky prebor jednotlivcu KHSS - Open"]
[Site "?"]
[Date "2015.05.06"]
[Round "3.9"]
[White "Kubelova, Sona"]
[Black "Vavra, Stanislav"]
[Result "0-1"]
[WhiteElo "1575"]
[BlackElo "1850"]
[PlyCount "64"]
[EventDate "2015.05.05"]

1. d4 e6 2. Nf3 d5 3. e3 Nf6 4. c4 Be7 5. Bd3 dxc4 6. Bxc4 O-O 7. O-O Nbd7 8.
b3 c5 9. Bb2 b6 10. Nbd2 Bb7 11. Rc1 Ne4 12. Rc2 cxd4 13. Nxd4 Nef6 14. Bxe6
fxe6 15. Nxe6 Qe8 16. Nxf8 Nxf8 17. Nc4 Qg6 18. f3 Bc5 19. Bd4 Bxd4 20. exd4
Ne6 21. Ne5 Qf5 22. Qd2 Nxd4 23. Rc7 Qxe5 24. Rxb7 Qd5 25. Qe3 Qxb7 26. Qxd4
Qd5 27. Qa4 Re8 28. Qxa7 Qc5+ 29. Kh1 Qf2 30. Qa6 Re1 31. Qc4+ Kf8 32. Qc8+ Ne8
0-1

[Event "Krajsky prebor jednotlivcu KHSS - Open"]
[Site "?"]
[Date "2015.05.06"]
[Round "3.12"]
[White "Simak, Roman"]
[Black "Burdilak, Milan"]
[Result "1/2-1/2"]
[WhiteElo "1502"]
[BlackElo "1743"]
[PlyCount "75"]
[EventDate "2015.05.05"]

1. d4 e6 2. c4 f5 3. Nc3 Nf6 4. Bg5 c6 5. e3 Qa5 6. Bxf6 gxf6 7. Qh5+ Kd8 8. c5
d6 9. Qf7 Nd7 10. Qxe6 dxc5 11. Qxf5 Be7 12. Qd3 cxd4 13. Qxd4 Bc5 14. Qa4 Bb4
15. Qxa5+ Bxa5 16. Nge2 Ne5 17. O-O-O+ Ke7 18. h3 Bf5 19. Nd4 Bg6 20. Nb3 Bxc3
21. bxc3 Rhd8 22. f4 Rxd1+ 23. Kxd1 Rd8+ 24. Nd2 Nd3 25. Rg1 Nb2+ 26. Kc1 Na4
27. c4 a5 28. g4 Bd3 29. Rg2 Bxf1 30. Nxf1 Nc3 31. Kb2 Ne4 32. Kc2 Rg8 33. Ng3
Nd6 34. Kc3 b5 35. c5 Nb7 36. Nf5+ Ke6 37. Rd2 Rd8 38. Nd4+ 1/2-1/2

[Event "Krajsky prebor jednotlivcu KHSS - Open"]
[Site "?"]
[Date "2015.05.06"]
[Round "3.13"]
[White "Trojtl, Jan"]
[Black "Labik, Jaroslav"]
[Result "1-0"]
[WhiteElo "1410"]
[BlackElo "1688"]
[PlyCount "59"]
[EventDate "2015.05.05"]

1. e4 c5 2. Nf3 d6 3. d4 cxd4 4. Nxd4 Nf6 5. Nc3 a6 6. Bc4 e6 7. O-O Be7 8. Be3
O-O 9. Bb3 Nc6 10. Nxc6 bxc6 11. Qe2 Bb7 12. Rad1 Qc7 13. Na4 c5 14. Nc3 Rfd8
15. f3 d5 16. exd5 exd5 17. Bf2 d4 18. Ne4 Nxe4 19. fxe4 Bf6 20. Bg3 Qc8 21. e5
Re8 22. Qh5 g6 23. Bxf7+ Kg7 24. exf6+ Kxf7 25. Qxh7+ Ke6 26. Qxg6 Kd7 27. Qf5+
Kc6 28. Qxc8+ Raxc8 29. f7 Rf8 30. Rf6+ 1-0

[Event "Krajsky prebor jednotlivcu KHSS - Open"]
[Site "?"]
[Date "2015.05.06"]
[Round "3.17"]
[White "Otrubova, Kristyna"]
[Black "Haderka, Karel"]
[Result "1/2-1/2"]
[WhiteElo "1440"]
[BlackElo "1813"]
[PlyCount "80"]
[EventDate "2015.05.05"]

1. d4 d5 2. c4 c6 3. Nc3 Nf6 4. Bf4 Qa5 5. Bd2 Qc7 6. cxd5 Nxd5 7. e4 Nb6 8.
Nf3 Bg4 9. g3 e6 10. Bg2 Bd6 11. O-O O-O 12. Qb3 Na6 13. Rac1 Qe7 14. a3 Rad8
15. Rfe1 h6 16. d5 e5 17. dxc6 bxc6 18. Be3 Be6 19. Qc2 Nc4 20. Qa4 Nxe3 21.
Rxe3 Nb8 22. Rd3 f6 23. Ne1 Bc5 24. Rcd1 Rd4 25. b4 Rfd8 26. Qc2 Bb6 27. Na4
Rxd3 28. Rxd3 Bd4 29. Nf3 Bb6 30. Rxd8+ Qxd8 31. Nd2 Qd4 32. Nxb6 axb6 33. Bf1
Kh7 34. Nc4 Qa1 35. Nxb6 Bh3 36. Qc4 Bxf1 37. Qxf1 Qxa3 38. Qh3 Qxb4 39. Qf5+
Kg8 40. Qe6+ Kh7 1/2-1/2

[Event "Krajsky prebor jednotlivcu KHSS - Open"]
[Site "?"]
[Date "2015.05.07"]
[Round "4.1"]
[White "Vlkova, Anezka"]
[Black "Rastocny, Josef"]
[Result "1/2-1/2"]
[WhiteElo "1564"]
[BlackElo "1860"]
[PlyCount "92"]
[EventDate "2015.05.05"]

1. e4 e6 2. d4 d5 3. Nc3 Bb4 4. exd5 exd5 5. a3 Be7 6. Nf3 Nf6 7. Bd3 Bg4 8.
O-O Nc6 9. Be3 O-O 10. Re1 Re8 11. Kh1 a6 12. Ne2 Bd6 13. Ng3 Ne4 14. c3 f5 15.
Qb3 Bxg3 16. hxg3 b5 17. a4 Na5 18. Qb4 Nc4 19. Bxc4 bxc4 20. Ne5 Bh5 21. Rab1
Rb8 22. Qa5 Rb6 23. Kh2 Bf7 24. Nxf7 Kxf7 25. f3 Nf6 26. Qc5 Qe7 27. Qxe7+ Rxe7
28. Kg1 c6 29. Kf2 Rb3 30. Re2 Reb7 31. Rc2 Nd7 32. Bf4 a5 33. Ke2 h6 34. Bc1
g5 35. Kd1 Nf6 36. Be3 Ra3 37. bxa3 Rxb1+ 38. Bc1 Rb3 39. Bb2 Nh5 40. g4 Nf4
41. gxf5 Nd3 42. Bc1 Rb1 43. g4 Ra1 44. Kd2 Rb1 45. Kd1 Kf6 46. Kd2 Ra1 1/2-1/2

[Event "Krajsky prebor jednotlivcu KHSS - Open"]
[Site "?"]
[Date "2015.05.07"]
[Round "4.2"]
[White "Mares, Ilja"]
[Black "Vochozka, Jindrich"]
[Result "1-0"]
[WhiteElo "1794"]
[BlackElo "1777"]
[PlyCount "53"]
[EventDate "2015.05.05"]

1. c4 e6 2. d4 d5 3. Nc3 Nf6 4. Bg5 Nbd7 5. Nf3 c6 6. a3 b6 7. Ne5 Qc7 8. Rc1
h6 9. Bxf6 Nxf6 10. cxd5 exd5 11. e3 a6 12. Qb3 Ra7 13. Na4 c5 14. Qxb6 Bd6 15.
Be2 O-O 16. Qxc7 Rxc7 17. Nxc5 Bb7 18. O-O Rfc8 19. Ned3 Bxc5 20. Rxc5 Bc6 21.
Rfc1 Ne4 22. R5c2 Nd6 23. Ne5 Nc4 24. b3 Na5 25. Bxa6 Nxb3 26. Bxc8 Nxc1 27.
Rxc6 1-0

[Event "Krajsky prebor jednotlivcu KHSS - Open"]
[Site "?"]
[Date "2015.05.07"]
[Round "4.3"]
[White "Dusbaba, Petr"]
[Black "Jukl, Karel"]
[Result "1-0"]
[WhiteElo "1865"]
[BlackElo "1752"]
[PlyCount "43"]
[EventDate "2015.05.05"]

1. e4 d5 2. exd5 Nf6 3. Nf3 Qxd5 4. d4 Bg4 5. Be2 Nc6 6. O-O O-O-O 7. c3 Qh5 8.
h3 e5 9. hxg4 Nxg4 10. Bg5 f6 11. Nh4 Qxg5 12. Bxg4+ Kb8 13. g3 exd4 14. Bf3
Bc5 15. Bxc6 bxc6 16. Qf3 dxc3 17. Nxc3 Rhe8 18. Ng2 h5 19. Ne4 Rxe4 20. Qxe4
Qxg3 21. Rac1 Bd6 22. fxg3 1-0

[Event "Krajsky prebor jednotlivcu KHSS - Open"]
[Site "?"]
[Date "2015.05.07"]
[Round "4.4"]
[White "Vavra, Stanislav"]
[Black "Vagner, Patrik"]
[Result "1/2-1/2"]
[WhiteElo "1850"]
[BlackElo "1747"]
[PlyCount "24"]
[EventDate "2015.05.05"]

1. e4 c6 2. d4 d5 3. Nc3 dxe4 4. Nxe4 Nd7 5. Nf3 Ngf6 6. Nxf6+ Nxf6 7. Bc4 Bf5
8. c3 e6 9. Qb3 Qc7 10. Ne5 Bd6 11. f4 O-O 12. O-O Rad8 1/2-1/2

[Event "Krajsky prebor jednotlivcu KHSS - Open"]
[Site "?"]
[Date "2015.05.07"]
[Round "4.5"]
[White "Otruba, Marek"]
[Black "Kovar, Ladislav"]
[Result "1-0"]
[WhiteElo "1629"]
[BlackElo "1833"]
[PlyCount "79"]
[EventDate "2015.05.05"]

1. d4 d5 2. Bf4 Nf6 3. e3 e6 4. Nf3 Be7 5. Bd3 Nbd7 6. Nbd2 c5 7. c3 Nf8 8. Ne5
Ng6 9. Bg3 Nxe5 10. dxe5 Nd7 11. Nf3 b6 12. Qe2 c4 13. Bc2 Nc5 14. Rd1 Qc7 15.
O-O Bb7 16. Nd4 O-O-O 17. f3 a6 18. Rb1 h5 19. h3 g5 20. b3 cxb3 21. axb3 Nd7
22. Bd3 Nc5 23. Rfc1 Nxd3 24. Qxd3 Kb8 25. Rc2 g4 26. Rcb2 gxh3 27. gxh3 Rhg8
28. Kh2 h4 29. Bf4 Bg5 30. b4 Bxf4+ 31. exf4 Rg3 32. b5 a5 33. Nc6+ Bxc6 34.
bxc6 Ka7 35. Qd4 Rb8 36. Ra2 Qxc6 37. Rxa5+ Kb7 38. Rc5 Qe8 39. Rxb6+ Kxb6 40.
Qb4+ 1-0

[Event "Krajsky prebor jednotlivcu KHSS - Open"]
[Site "?"]
[Date "2015.05.07"]
[Round "4.7"]
[White "Jansky, Pavel"]
[Black "Trojtl, Jan"]
[Result "0-1"]
[WhiteElo "1807"]
[BlackElo "1410"]
[PlyCount "62"]
[EventDate "2015.05.05"]

1. e4 e5 2. Nc3 Bc5 3. Nf3 d6 4. Bc4 Nc6 5. a3 Bg4 6. d3 Nge7 7. Bxf7+ Kf8 8.
Ba2 Nd4 9. Be3 Bxf3 10. gxf3 Ng6 11. Bxd4 Bxd4 12. Na4 Qh4 13. Rf1 Nf4 14. c3
Ng2+ 15. Ke2 Nf4+ 16. Kd2 Bxf2 17. Qb3 d5 18. Qxb7 Qxh2 19. Kc2 Bb6+ 20. Kb3
Ke7 21. Nxb6 Rab8 22. Qxc7+ Kf6 23. Qd6+ Ne6 24. Ka4 Rxb6 25. Qxd5 Ra6+ 26. Kb3
Rb8+ 27. Kc4 Rc8+ 28. Kb3 Rb6+ 29. Ka4 Qc2+ 30. b3 Ra6+ 31. Kb4 Qxc3+ 0-1

[Event "Krajsky prebor jednotlivcu KHSS - Open"]
[Site "?"]
[Date "2015.05.07"]
[Round "4.8"]
[White "Laloucek, Miroslav"]
[Black "Zastava, Ladislav"]
[Result "0-1"]
[WhiteElo "1760"]
[BlackElo "1653"]
[PlyCount "50"]
[EventDate "2015.05.05"]

1. d4 e6 2. Nf3 d5 3. b3 c5 4. Bb2 Nf6 5. e3 Nc6 6. Nbd2 cxd4 7. Nxd4 Bb4 8.
Bd3 O-O 9. O-O Ne5 10. Nxe6 fxe6 11. Bxe5 Bd6 12. Nf3 Qc7 13. Bxd6 Qxd6 14. h3
b6 15. c4 Bb7 16. Re1 Rad8 17. Nh2 e5 18. cxd5 Bxd5 19. Bc2 Qc6 20. Rc1 Qb7 21.
f3 Kh8 22. Qe2 Rd6 23. Ng4 Nxg4 24. hxg4 Qe7 25. g3 Bxf3 0-1

[Event "Krajsky prebor jednotlivcu KHSS - Open"]
[Site "?"]
[Date "2015.05.07"]
[Round "4.13"]
[White "Drasnar, Pavel"]
[Black "Simak, Roman"]
[Result "1/2-1/2"]
[WhiteElo "1658"]
[BlackElo "1502"]
[PlyCount "40"]
[EventDate "2015.05.05"]

1. e4 e5 2. Nf3 Nc6 3. Nc3 Nf6 4. Bb5 d6 5. d4 exd4 6. Nxd4 Bd7 7. O-O Nxd4 8.
Bxd7+ Qxd7 9. Qxd4 Be7 10. Bg5 O-O 11. e5 Ne8 12. Bf4 Qc6 13. exd6 Nxd6 14.
Bxd6 Bxd6 15. Qd5 Qxd5 16. Nxd5 Rad8 17. Rad1 f6 18. Rfe1 Kf7 19. Kf1 Rfe8 20.
Ne3 c6 1/2-1/2

[Event "Krajsky prebor jednotlivcu KHSS - Open"]
[Site "?"]
[Date "2015.05.07"]
[Round "4.14"]
[White "Jirousek, Tadeas"]
[Black "Hatasova, Michaela"]
[Result "1/2-1/2"]
[WhiteElo "1491"]
[BlackElo "1627"]
[PlyCount "72"]
[EventDate "2015.05.05"]

1. e4 c5 2. c4 Nc6 3. g3 e5 4. Bg2 d6 5. Nc3 Nd4 6. d3 h6 7. Nge2 Bg4 8. O-O
Bf3 9. Bxf3 Nxf3+ 10. Kg2 Nd4 11. f4 g5 12. f5 Nf6 13. Nxd4 exd4 14. Nd5 Bg7
15. Bd2 Nxd5 16. cxd5 Be5 17. Rc1 h5 18. h3 f6 19. Qb3 Qd7 20. Rc2 b5 21. a3 a5
22. Qa2 Kf7 23. Ra1 Qe7 24. Qb1 Rhc8 25. Qc1 Qc7 26. a4 b4 27. b3 Qe7 28. Qd1
Rh8 29. Qe2 h4 30. g4 Bg3 31. Kh1 Qe5 32. Rf1 Rae8 33. Bc1 Re7 34. Qd1 Rc8 35.
Re2 Ree8 36. Qc2 Qe7 1/2-1/2

[Event "Krajsky prebor jednotlivcu KHSS - Open"]
[Site "?"]
[Date "2015.05.07"]
[Round "4.17"]
[White "Labik, Jaroslav"]
[Black "Otrubova, Kristyna"]
[Result "1/2-1/2"]
[WhiteElo "1688"]
[BlackElo "1440"]
[PlyCount "104"]
[EventDate "2015.05.05"]

1. c4 c5 2. Nf3 Nc6 3. d4 cxd4 4. Nxd4 Nxd4 5. Qxd4 e6 6. Nc3 Nf6 7. e4 Bb4 8.
Bd2 b6 9. a3 Bc5 10. Qd3 Ng4 11. Be3 Bxe3 12. fxe3 Qh4+ 13. g3 Qf6 14. Qe2 Qg5
15. Kd2 Ba6 16. b3 Rd8 17. Bh3 Nf6 18. Kc2 Qg6 19. Bg2 d5 20. Rad1 dxe4 21.
Rxd8+ Kxd8 22. Rd1+ Ke7 23. Qd2 Rc8 24. Qd6+ Ke8 25. Kb2 Qh6 26. Bxe4 Nxe4 27.
Nxe4 f5 28. Qd7+ Kf8 29. Nc3 Re8 30. Qd2 Qf6 31. Qd6+ Qe7 32. Qd7 Qxd7 33. Rxd7
Re7 34. Rd6 Kf7 35. Ne2 Kf6 36. Kc3 Ke5 37. Rd8 Bb7 38. Nd4 Be4 39. b4 g5 40.
b5 f4 41. exf4+ gxf4 42. gxf4+ Kxf4 43. Nc6 Bxc6 44. bxc6 Rc7 45. Rd6 Ke5 46.
Rd7 Rxc6 47. Rxh7 a6 48. Rh5+ Ke4 49. Rh4+ Ke3 50. Rh3+ Ke4 51. Rh4+ Ke3 52.
Rh3+ Ke4 1/2-1/2

[Event "Krajsky prebor jednotlivcu KHSS - Open"]
[Site "?"]
[Date "2015.05.07"]
[Round "5.1"]
[White "Rastocny, Josef"]
[Black "Mares, Ilja"]
[Result "1/2-1/2"]
[WhiteElo "1860"]
[BlackElo "1794"]
[PlyCount "83"]
[EventDate "2015.05.05"]

1. d4 Nf6 2. c4 g6 3. Nc3 Bg7 4. e4 d6 5. f3 O-O 6. Be3 Nc6 7. Bd3 e5 8. d5 Ne7
9. c5 dxc5 10. Bxc5 Ne8 11. Nge2 Nd6 12. Qb3 b6 13. Be3 f5 14. Nb5 Kh8 15. Rc1
Nxb5 16. Bxb5 Bb7 17. O-O Qd6 18. Rfd1 Rac8 19. Nc3 a6 20. Be2 f4 21. Bf2 Bf6
22. a4 Ng8 23. a5 b5 24. Na2 Be7 25. Qc3 Qf6 26. Bc5 Bd6 27. Rd2 Ne7 28. Nb4 g5
29. Nd3 h5 30. h3 Kg7 31. Bf2 Rcd8 32. Nc5 Bc8 33. Qb3 Rh8 34. Ne6+ Bxe6 35.
dxe6 Rh6 36. Rdc2 Qxe6 37. Qc3 Rc8 38. Bc5 Rhh8 39. Qa3 Rhd8 40. Kf1 Kf6 41.
Rc3 Rb8 42. R3c2 1/2-1/2

[Event "Krajsky prebor jednotlivcu KHSS - Open"]
[Site "?"]
[Date "2015.05.07"]
[Round "5.2"]
[White "Vochozka, Jindrich"]
[Black "Vlkova, Anezka"]
[Result "1-0"]
[WhiteElo "1777"]
[BlackElo "1564"]
[PlyCount "93"]
[EventDate "2015.05.05"]

1. d4 d5 2. c4 e6 3. Nc3 Nf6 4. Bg5 Be7 5. e3 O-O 6. Nf3 Nbd7 7. Rc1 h6 8. Bh4
Re8 9. a3 c6 10. Be2 Ne4 11. Bxe7 Qxe7 12. Nxe4 dxe4 13. Nd2 f5 14. O-O g5 15.
f3 exf3 16. Bxf3 g4 17. Be2 Qg5 18. Rc3 Nf6 19. g3 h5 20. Qe1 b6 21. Qf2 Bb7
22. Qf4 Nh7 23. e4 c5 24. dxc5 Rad8 25. Nb3 Bxe4 26. cxb6 axb6 27. Qe5 h4 28.
c5 hxg3 29. Rxg3 bxc5 30. Bxg4 Rd3 31. Bf3 Bxf3 32. Rxg5+ Nxg5 33. Qg3 Re7 34.
h4 f4 35. Qxg5+ Rg7 36. Qxg7+ Kxg7 37. Nxc5 Re3 38. Nxe6+ Rxe6 39. Rxf3 Rg6+
40. Kh2 Rb6 41. b3 Ra6 42. b4 Kg6 43. b5 Ra5 44. Rb3 Kh5 45. b6 Ra8 46. b7 Rb8
47. Kh3 1-0

[Event "Krajsky prebor jednotlivcu KHSS - Open"]
[Site "?"]
[Date "2015.05.07"]
[Round "5.3"]
[White "Trojtl, Jan"]
[Black "Dusbaba, Petr"]
[Result "0-1"]
[WhiteElo "1410"]
[BlackElo "1865"]
[PlyCount "22"]
[EventDate "2015.05.05"]

1. e4 c5 2. Nf3 Nc6 3. d4 cxd4 4. Nxd4 e5 5. Nxc6 bxc6 6. Bc4 Nf6 7. Bg5 Qa5+
8. Qd2 Qb6 9. Bxf6 Qxb2 10. Bxe5 Qxe5 11. Nc3 Bb4 0-1

[Event "Krajsky prebor jednotlivcu KHSS - Open"]
[Site "?"]
[Date "2015.05.07"]
[Round "5.4"]
[White "Simon, Petr"]
[Black "Otruba, Marek"]
[Result "0-1"]
[WhiteElo "1759"]
[BlackElo "1629"]
[PlyCount "108"]
[EventDate "2015.05.05"]

1. e4 e6 2. d4 d5 3. Nd2 Nf6 4. e5 Nfd7 5. Bd3 c5 6. c3 Nc6 7. Ndf3 Qb6 8. Ne2
Be7 9. O-O O-O 10. Re1 Re8 11. a3 c4 12. Bb1 Qc7 13. Bf4 b5 14. h4 a5 15. h5
Rb8 16. Qc2 Nf8 17. Ng5 Bxg5 18. Bxg5 b4 19. axb4 axb4 20. Qd2 bxc3 21. bxc3
Na5 22. Bc2 Nb3 23. Bxb3 cxb3 24. Reb1 Rb6 25. Rb2 Ba6 26. h6 Bxe2 27. hxg7 Ng6
28. Qxe2 Qxc3 29. Be3 Qc4 30. Qd2 Rc8 31. Qa5 Qb4 32. Qa7 Rb7 33. Qa6 Rc2 34.
Rxc2 bxc2 35. Rc1 Rc7 36. Qd3 Qc3 37. Qxc3 Rxc3 38. Kf1 Ne7 39. Ke2 Nf5 40. Kd2
Rc4 41. Rxc2 Nxe3 42. fxe3 Rxc2+ 43. Kxc2 Kxg7 44. Kd3 Kg6 45. e4 Kg5 46. exd5
exd5 47. Kc3 h5 48. Kb4 Kf4 49. g3+ Ke3 50. Kc5 Ke4 51. Kd6 Kxd4 52. e6 fxe6
53. Kxe6 Ke4 54. Kf6 d4 0-1

[Event "Krajsky prebor jednotlivcu KHSS - Open"]
[Site "?"]
[Date "2015.05.07"]
[Round "5.6"]
[White "Lasek, Frantisek"]
[Black "Vavra, Stanislav"]
[Result "1/2-1/2"]
[WhiteElo "1822"]
[BlackElo "1850"]
[PlyCount "67"]
[EventDate "2015.05.05"]

1. f4 d5 2. Nf3 c5 3. b3 Nf6 4. Bb2 e6 5. e3 Nc6 6. Be2 Be7 7. h3 Ne4 8. O-O
O-O 9. Qe1 Bf6 10. c3 e5 11. d3 Nd6 12. Nbd2 exf4 13. exf4 Re8 14. Qf2 b6 15.
Rfe1 Bb7 16. Rac1 Nf5 17. Nf1 g6 18. g4 Nd6 19. Ng3 Qd7 20. Bf1 Bg7 21. Rc2
Rxe1 22. Qxe1 Re8 23. Re2 Rxe2 24. Qxe2 Qe6 25. Kf2 Qxe2+ 26. Nxe2 Kf8 27. Bg2
Ne7 28. Ne5 f6 29. Nf3 Kf7 30. Ke3 Ke6 31. g5 Ndf5+ 32. Kd2 h6 33. d4 Ba6 34.
h4 1/2-1/2

[Event "Krajsky prebor jednotlivcu KHSS - Open"]
[Site "?"]
[Date "2015.05.07"]
[Round "5.11"]
[White "Kubelova, Sona"]
[Black "Laloucek, Miroslav"]
[Result "1/2-1/2"]
[WhiteElo "1575"]
[BlackElo "1760"]
[PlyCount "140"]
[EventDate "2015.05.05"]

1. d4 f5 2. c4 Nf6 3. Nc3 b6 4. Bg5 e6 5. e4 fxe4 6. Nxe4 Be7 7. Nxf6+ Bxf6 8.
Qf3 Nc6 9. Bxf6 Qxf6 10. Qxf6 gxf6 11. O-O-O Bb7 12. d5 Ne5 13. h3 c6 14. f4
Ng6 15. dxe6 dxe6 16. Re1 Kf7 17. g3 c5 18. Rh2 Rhg8 19. Bd3 Rad8 20. Kc2 h6
21. f5 Ne5 22. fxe6+ Kxe6 23. g4 Rxd3 24. Rxe5+ fxe5 25. Kxd3 Rf8 26. Ke3 a6
27. Ne2 Rf3+ 28. Kd2 b5 29. cxb5 axb5 30. Nc3 Bc6 31. Ke2 e4 32. Nd1 Ke5 33. h4
Kf4 34. Rg2 e3 35. Rg1 b4 36. g5 hxg5 37. hxg5 Bb5+ 38. Ke1 c4 39. a4 Bxa4 40.
g6 c3 41. bxc3 bxc3 42. Nxc3 Bb3 43. Ne2+ Ke5 44. g7 Bg8 45. Ng3 Kf6 46. Ne4+
Ke7 47. Ng5 Rf5 48. Rg3 Re5 49. Nf3 Re6 50. Nd4 Re4 51. Nf5+ Kf6 52. Nh6 Re8
53. Ke2 Ra8 54. Rg1 Re8 55. Rg2 Ra8 56. Kxe3 Re8+ 57. Kf4 Ra8 58. Ke3 Ra3+ 59.
Kd4 Ra8 60. Kc5 Rc8+ 61. Kd6 Ra8 62. Kc5 Rd8 63. Rg1 Ra8 64. Kb6 Rb8+ 65. Kc7
Ra8 66. Kb7 Rd8 67. Kc7 Ra8 68. Kd6 Ra6+ 69. Kc5 Ra8 70. Kd4 Re8 1/2-1/2

[Event "Krajsky prebor jednotlivcu KHSS - Open"]
[Site "?"]
[Date "2015.05.07"]
[Round "5.14"]
[White "Zanka, Jaroslav"]
[Black "Jirousek, Tadeas"]
[Result "0-1"]
[WhiteElo "1673"]
[BlackElo "1491"]
[PlyCount "102"]
[EventDate "2015.05.05"]

1. e4 e6 2. d4 d5 3. exd5 exd5 4. Nf3 Bd6 5. Nc3 c6 6. Be3 Bf5 7. Bd3 Bxd3 8.
Qxd3 Nd7 9. O-O h6 10. Rfe1 Ne7 11. Re2 Qc7 12. Rae1 g5 13. h3 O-O-O 14. Bd2
Rde8 15. Ne5 Ref8 16. Qf3 f6 17. Nxd7 Kxd7 18. Re6 f5 19. Qh5 Qb6 20. Rxh6 Qxd4
21. Rxh8 Rxh8 22. Qxg5 Rg8 23. Qe3 Qg7 24. Qf3 d4 25. Ne2 d3 26. cxd3 Qxb2 27.
Bc3 Qxa2 28. Bf6 Qe6 29. Bxe7 Bxe7 30. Kf1 Qf6 31. Ng3 f4 32. Ne4 Qd4 33. Qxf4
Qxd3+ 34. Kg1 Qxh3 35. Rd1+ Kc8 36. Ng3 Qe6 37. Ne4 Rg4 38. Nd6+ Bxd6 39. Qxd6
Qxd6 40. Rxd6 a5 41. f3 Rc4 42. g4 a4 43. Rd3 b5 44. g5 Rc5 45. f4 Rf5 46. Rd4
a3 47. g6 a2 48. Rd1 Rxf4 49. Ra1 Rg4+ 50. Kf2 Rxg6 51. Rxa2 Re6 0-1

[Event "Krajsky prebor jednotlivcu KHSS - Open"]
[Site "?"]
[Date "2015.05.07"]
[Round "5.16"]
[White "Simak, Roman"]
[Black "Labik, Jaroslav"]
[Result "1/2-1/2"]
[WhiteElo "1502"]
[BlackElo "1688"]
[PlyCount "60"]
[EventDate "2015.05.05"]

1. d4 Nf6 2. Nf3 e6 3. c4 b6 4. g3 Bb7 5. Bg2 Bb4+ 6. Bd2 Qe7 7. Nc3 O-O 8. O-O
Bxc3 9. Bxc3 Ne4 10. Qc2 d5 11. Nd2 Nxc3 12. Qxc3 c6 13. Rac1 Nd7 14. e3 Rac8
15. cxd5 cxd5 16. Qb3 Nf6 17. Rc2 Rxc2 18. Qxc2 Rc8 19. Qd3 Qc7 20. Qb1 Ba6 21.
Rd1 Qc2 22. Bf1 Bxf1 23. Kxf1 Kf8 24. f3 Ke7 25. Ke1 h6 26. Qxc2 Rxc2 27. Rb1
g5 28. Kd1 Rc7 29. Rc1 Rxc1+ 30. Kxc1 Kd6 1/2-1/2

[Event "Krajsky prebor jednotlivcu KHSS - Open"]
[Site "?"]
[Date "2015.05.07"]
[Round "5.17"]
[White "Hronik, Petr"]
[Black "Otrubova, Kristyna"]
[Result "1-0"]
[WhiteElo "1904"]
[BlackElo "1440"]
[PlyCount "97"]
[EventDate "2015.05.05"]

1. d4 Nf6 2. Bf4 e6 3. e3 Be7 4. Bd3 b6 5. Nf3 Bb7 6. c3 d6 7. Rg1 Nbd7 8. Bg3
Ne4 9. Nbd2 Ndf6 10. Qc2 Nxd2 11. Nxd2 Rc8 12. Qa4+ Qd7 13. Bb5 c6 14. Be2 Ba8
15. Bf3 c5 16. Qxd7+ Nxd7 17. O-O-O Bxf3 18. Nxf3 cxd4 19. Nxd4 d5 20. Rge1 Nf6
21. f3 O-O 22. Bf2 a6 23. g4 h6 24. h4 b5 25. Re2 b4 26. Be1 bxc3 27. Bxc3 Bb4
28. Rc2 Bxc3 29. Rxc3 Rxc3+ 30. bxc3 Rc8 31. Kc2 Kf8 32. Rb1 Nd7 33. Rb3 Rb8
34. Nc6 Rxb3 35. Kxb3 Ke8 36. Kb4 Nb6 37. e4 dxe4 38. fxe4 Nd7 39. Ka5 Nf6 40.
Kxa6 Nxe4 41. c4 Kd7 42. Kb6 f6 43. a4 f5 44. a5 f4 45. c5 Nf6 46. Ne5+ Ke8 47.
Kc6 Ne4 48. a6 Nxc5 49. a7 1-0

[Event "Krajsky prebor jednotlivcu KHSS - Open"]
[Site "?"]
[Date "2015.05.08"]
[Round "6.1"]
[White "Dusbaba, Petr"]
[Black "Vochozka, Jindrich"]
[Result "1/2-1/2"]
[WhiteElo "1865"]
[BlackElo "1777"]
[PlyCount "31"]
[EventDate "2015.05.05"]

1. d4 d5 2. Nc3 Bf5 3. Bf4 c6 4. Nf3 e6 5. e3 Nf6 6. Bd3 Bxd3 7. Qxd3 Bd6 8.
Bxd6 Qxd6 9. O-O Nbd7 10. e4 dxe4 11. Nxe4 Nxe4 12. Qxe4 Qd5 13. Qf4 O-O 14.
Rfe1 Rfd8 15. b3 Qa5 16. h4 1/2-1/2

[Event "Krajsky prebor jednotlivcu KHSS - Open"]
[Site "?"]
[Date "2015.05.08"]
[Round "6.2"]
[White "Otruba, Marek"]
[Black "Rastocny, Josef"]
[Result "1/2-1/2"]
[WhiteElo "1629"]
[BlackElo "1860"]
[PlyCount "30"]
[EventDate "2015.05.05"]

1. d4 Nf6 2. Bf4 g6 3. Nc3 Bg7 4. Qd2 O-O 5. O-O-O Re8 6. e4 d6 7. Nf3 Bg4 8.
h3 Bxf3 9. gxf3 Nc6 10. Be3 e5 11. d5 Ne7 12. f4 exf4 13. Bxf4 Nc8 14. Bg2 Nb6
15. Bh2 Nfd7 1/2-1/2

[Event "Krajsky prebor jednotlivcu KHSS - Open"]
[Site "?"]
[Date "2015.05.08"]
[Round "6.4"]
[White "Vlkova, Anezka"]
[Black "Zastava, Ladislav"]
[Result "0-1"]
[WhiteElo "1564"]
[BlackElo "1653"]
[PlyCount "69"]
[EventDate "2015.05.05"]

1. e4 c5 2. Nc3 Nc6 3. g3 g6 4. Bg2 Bg7 5. f4 d6 6. h3 Nf6 7. Nf3 Rb8 8. O-O a6
9. d3 b5 10. a3 Bb7 11. Be3 O-O 12. Rb1 h6 13. g4 Nh7 14. Kh2 Re8 15. f5 Bxc3
16. bxc3 g5 17. h4 f6 18. Kg3 Qc7 19. Kf2 Ne5 20. Nxe5 dxe5 21. Rh1 Kg7 22.
hxg5 fxg5 23. Qg1 Nf6 24. Bf3 Rh8 25. Rh3 Rh7 26. Qh2 Rbh8 27. d4 cxd4 28. Bxd4
Nd7 29. Rd1 Rc8 30. Be3 Nf6 31. Bd2 Bxe4 32. Bxg5 hxg5 33. Rxh7+ Nxh7 34. Bxe4
Nf6 35. Rh1 0-1

[Event "Krajsky prebor jednotlivcu KHSS - Open"]
[Site "?"]
[Date "2015.05.08"]
[Round "6.5"]
[White "Vavra, Stanislav"]
[Black "Hatasova, Michaela"]
[Result "1-0"]
[WhiteElo "1850"]
[BlackElo "1627"]
[PlyCount "37"]
[EventDate "2015.05.05"]

1. e4 c5 2. Nf3 Nc6 3. d4 cxd4 4. Nxd4 Nf6 5. Nc3 g6 6. Be3 Bg7 7. Be2 O-O 8.
O-O h6 9. Qd2 Kh7 10. Rad1 e6 11. f4 d5 12. e5 Ng8 13. Nxc6 bxc6 14. Ne4 f6 15.
Bc5 fxe5 16. fxe5 Rxf1+ 17. Rxf1 Bxe5 18. Rf7+ Kh8 19. Bd4 1-0

[Event "Krajsky prebor jednotlivcu KHSS - Open"]
[Site "?"]
[Date "2015.05.08"]
[Round "6.6"]
[White "Drasnar, Pavel"]
[Black "Lasek, Frantisek"]
[Result "0-1"]
[WhiteElo "1658"]
[BlackElo "1822"]
[PlyCount "96"]
[EventDate "2015.05.05"]

1. e4 c6 2. d4 d5 3. e5 Bf5 4. Nf3 e6 5. Nc3 Nd7 6. Bd3 g6 7. Bxf5 gxf5 8. Qd3
Qb6 9. Bd2 O-O-O 10. b3 Ne7 11. Ng5 Rg8 12. Nxf7 Rxg2 13. Nxd8 Kxd8 14. Ne2 Ng6
15. Qh3 Rg4 16. Qxh7 Nh4 17. Bg5+ Rxg5 18. Qxh4 Be7 19. Qf4 Rg4 20. Qe3 Bg5 21.
Qd3 c5 22. Rg1 Rxg1+ 23. Nxg1 cxd4 24. Nf3 Bf4 25. Qxd4 Qxd4 26. Nxd4 Bxe5 27.
Rd1 Ke7 28. h3 Kf6 29. Ke2 Nc5 30. Nf3 Bf4 31. Rd4 Ne4 32. c4 e5 33. Rd3 d4 34.
Ne1 Nc3+ 35. Kf1 Nxa2 36. Ng2 Bh6 37. f4 Nc1 38. fxe5+ Kxe5 39. Rg3 d3 40. Ne1
d2 41. Nd3+ Ke4 42. Nf2+ Kd4 43. Rg6 Be3 44. Nd1 Bf4 45. h4 Kd3 46. h5 Kc2 47.
Nf2 Nd3 48. Ke2 Nxf2 0-1